000 00504nam a2200181 a 4500
001 000030793
005 20200930062519.0
008 110530s1953 dr 000 0 spa d
040 _aDO-SdBNP
_bspa
_cBNPHU
082 _axxxx
_bR918n
100 1 _aRueda, Manuel
_919958
245 1 4 _aLas noches :
_b1947-1948.
260 _aCiudad Trujillo, República Dominicana, :
_bStella,
_c1953.
300 _a36 p. ;
_c27 cm.
490 1 _aLa isla necesaria
830 0 _aLa isla necesaria
_956759
049 _aBNPD
999 _c30285
_d30285